| 000 | 00843nam a22002297a 4500 | ||
|---|---|---|---|
| 999 |
_c61778 _d61778 |
||
| 005 | 20240502104238.0 | ||
| 008 | 240502s2003 enk||||| |||| 00| 0 eng d | ||
| 020 | _a9789997621122x | ||
| 041 | _aeng | ||
| 080 | _a617.3 S-66 | ||
| 245 |
_aSkeletal Trauma: _bBasic Science, Management, and Reconstruction. Volume 1 / _cBruce Browner; Jesse Jupiter; Alan Levine; Peter Trafton. |
||
| 250 | _a3rd Edition | ||
| 264 |
_aPhiladelphia : _bSaunders, _c2003. |
||
| 300 |
_a1149 p.: _bill.; _c29 cm. |
||
| 653 | _aჩონჩხის ტრავმა | ||
| 653 | _a მედიცინა | ||
| 700 |
_a Browner, Bruce _eავტორი _922030 |
||
| 700 |
_aJupiter, Jesse _eავტორი _922027 |
||
| 700 |
_aLevine, Alan _eავტორი _922028 |
||
| 700 |
_aTrafton, Peter _eავტორი _922029 |
||
| 942 |
_2udc _cBK |
||